Does he know a mother's heart? : (Record no. 189960)

MARC details
000 -LEADER
fixed length control field 00584nam a22001937a 4500
005 - DATE AND TIME OF LATEST TRANSACTION
control field 20220715103903.0
010 ## - LCCN (DPL NO)
LC control number ENG-133597
020 ## - INTERNATIONAL STANDARD BOOK NUMBER
International Standard Book Number 9789350290910
Terms of availability 599.00
035 ## - SYSTEM CONTROL NUMBER
System control number EN-117129
037 ## - SOURCE OF ACQUISITION
Source of stock number/acquisition DBAD/PUB
082 ## - DEWEY DECIMAL CLASSIFICATION NUMBER
Classification number 954.035092
100 ## - MAIN ENTRY--PERSONAL NAME
Personal name Shourie, Arun
245 ## - TITLE STATEMENT
Title Does he know a mother's heart? :
Statement of responsibility, etc by Arun Shourie
Remainder of title how suffering refutes religions /
260 ## - PUBLICATION, DISTRIBUTION, ETC. (IMPRINT)
Date of publication, distribution, etc 2011
Place of publication, distribution, etc Noida
Name of publisher, distributor, etc HarperCollins
270 ## - ADDRESS
Address A-75, Sector-57,
City Noida
Postal code 201301
300 ## - PHYSICAL DESCRIPTION
Dimensions 25cm(Hb)
Extent 435p.
500 ## - GENERAL NOTE
General note Includes index
942 ## - ADDED ENTRY ELEMENTS (KOHA)
Item type English Books
Source of classification or shelving scheme Dewey Decimal Classification
Call number suffix SHO
Classification part 954.035092
Holdings
Withdrawn status Lost status Not for loan Collection code Home library Current library Date acquired Source of acquisition Cost, normal purchase price Full call number Barcode Copy number Cost, replacement price Koha item type
      Non-fiction Bawana Bawana 15/07/2022 DBAD/PUB 599.00 954.035092 SHO EN-117129 1 599.00 English Books

© Delhi Public Library
Hit Counter
free hit counter